000 01670cam a22003614a 4500
999 _c28261
_d28232
001 11995347
003 EG-ScBUE
005 20200308102852.0
008 000503t2000 mau f b 001 0 eng d
020 _a0875848346 (alk. paper)
020 _a9780875848341
040 _aDLC
_beng
_erda
_cDLC
_dEG-ScBUE
082 0 4 _a658.421
_bMCG
_222
100 1 _aMcGrath, Rita Gunther,
_eauthor.
245 1 4 _aThe entrepreneurial mindset :
_bstrategies for continuously creating opportunity in an age of uncertainty /
_cRita Gunther McGrath and Ian MacMillan.
264 1 _aBoston, Massachusetts :
_bHarvard Business School Press,
_c[2000]
264 4 _cc2000
300 _axv, 380 pages ;
_c24 cm
336 _2rdacontent
_atext
_btxt
337 _2rdamedia
_aunmediated
_bn
338 _2rdacarrier
_avolume
_bnc
504 _aIncludes bibliographical references and index.
520 _aUsing lessons drawn from entrepreneurs and entrepreneurial companies, the authors present a set of practices for capitalizing on uncertainty and rapid change. This book provides simple but powerful ways to stop acting by the old rules and start thinking with the discipline of habitual entrepreneurs, in order to succeed in an unpredictable world.
650 7 _aEntrepreneurship.
_2BUEsh
650 7 _aLeadership.
_2BUEsh
653 _bGGEN
_cMarch2020
655 _vReading book
_934232
700 1 _aMacMillan, Ian C.,
_d1940-
_eauthor.
906 _a7
_bcbc
_corignew
_d1
_eocip
_f20
_gy-gencatlg
942 _2ddc
_cBB